|
|
|
|
| LEADER |
03157cam a2200793 i 4500 |
| 001 |
nkc20213349453 |
| 003 |
CZ PrNK |
| 005 |
20220826092451.0 |
| 007 |
ta |
| 008 |
210802s2021 xr ac f 000 0dcze d |
| 015 |
|
|
|a cnb003349453
|
| 020 |
|
|
|a 978-80-907645-5-2
|q (vázáno)
|
| 035 |
|
|
|a (OCoLC)1288051283
|
| 035 |
|
|
|a (OCoLC)1291384957
|
| 040 |
|
|
|a HKA001
|b cze
|d ABA001
|e rda
|
| 043 |
|
|
|a e-xr---
|
| 045 |
|
|
|a x-y-
|
| 072 |
|
7 |
|a 72/76
|x Výtvarné umění
|2 Konspekt
|9 21
|
| 080 |
|
|
|a 74/76.05.071.1
|2 MRF
|
| 080 |
|
|
|a 76.071.1
|2 MRF
|
| 080 |
|
|
|a 741/744(437.3)
|2 MRF
|
| 080 |
|
|
|a 76(437.3)
|2 MRF
|
| 080 |
|
|
|a 74/76.05
|2 MRF
|
| 080 |
|
|
|a 791.228
|2 MRF
|
| 080 |
|
|
|a 7.036/.038
|2 MRF
|
| 080 |
|
|
|a (437.3)
|2 MRF
|
| 080 |
|
|
|a (048.8:082)
|2 MRF
|
| 080 |
|
|
|a (084.11)
|2 MRF
|
| 100 |
1 |
|
|a Šalamoun, Jiří,
|d 1935-2022
|7 jk01122421
|4 ill
|
| 245 |
1 |
0 |
|a Jiří Šalamoun: nic k zahození /
|c Karolína Truhlářová, Magdalena Wells (eds.)
|
| 246 |
3 |
0 |
|a Nic k zahození
|
| 246 |
1 |
8 |
|a Jiří Šalamoun
|
| 264 |
|
1 |
|a Praha :
|b K-A-V-K-A,
|c 2021
|
| 300 |
|
|
|a 431 stran :
|b ilustrace (některé barevné), portréty, faksimile ;
|c 29 cm
|
| 336 |
|
|
|a text
|b txt
|2 rdacontent
|
| 336 |
|
|
|a statický obraz
|b sti
|2 rdacontent
|
| 337 |
|
|
|a bez média
|b n
|2 rdamedia
|
| 338 |
|
|
|a svazek
|b nc
|2 rdacarrier
|
| 500 |
|
|
|a "Prvních 50 exemplářů této knihy je číslováno a podepsáno Jiřím Šalamounem"--Tiráž
|
| 500 |
|
|
|a Chronologický přehled
|
| 504 |
|
|
|a Obsahuje bibliografie a bibliografické odkazy
|
| 600 |
1 |
7 |
|a Šalamoun, Jiří,
|d 1935-2022
|7 jk01122421
|2 czenas
|
| 648 |
|
7 |
|a 20.-21. století
|7 ch462155
|2 czenas
|
| 648 |
|
7 |
|a 20. století
|7 ch460558
|2 czenas
|
| 650 |
0 |
7 |
|a ilustrátoři
|7 ph152832
|z Česko
|y 20.-21. století
|2 czenas
|
| 650 |
0 |
7 |
|a grafici
|7 ph120589
|z Česko
|y 20.-21. století
|2 czenas
|
| 650 |
0 |
7 |
|a česká kresba
|7 ph116857
|y 20.-21. století
|2 czenas
|
| 650 |
0 |
7 |
|a česká grafika
|7 ph128116
|y 20.-21. století
|2 czenas
|
| 650 |
0 |
7 |
|a knižní ilustrace
|7 ph114931
|z Česko
|y 20.-21. století
|2 czenas
|
| 650 |
0 |
7 |
|a animované filmy
|7 ph118468
|z Česko
|y 20. století
|2 czenas
|
| 650 |
0 |
7 |
|a moderní umění
|7 ph115340
|z Česko
|2 czenas
|
| 650 |
0 |
9 |
|a illustrators
|z Czechia
|y 20th-21st centuries
|2 eczenas
|
| 650 |
0 |
9 |
|a printmakers
|z Czechia
|y 20th-21st centuries
|2 eczenas
|
| 650 |
0 |
9 |
|a Czech drawing
|y 20th-21st centuries
|2 eczenas
|
| 650 |
0 |
9 |
|a Czech prints
|y 20th-21st centuries
|2 eczenas
|
| 650 |
0 |
9 |
|a illustration of books
|z Czechia
|y 20th-21st centuries
|2 eczenas
|
| 650 |
0 |
9 |
|a animated films
|z Czechia
|y 20th century
|2 eczenas
|
| 650 |
0 |
9 |
|a modern art
|z Czechia
|2 eczenas
|
| 655 |
|
7 |
|a kolektivní monografie
|7 fd501537
|2 czenas
|
| 655 |
|
7 |
|a obrazové publikace
|7 fd132947
|2 czenas
|
| 655 |
|
9 |
|a collective monographs
|2 eczenas
|
| 655 |
|
9 |
|a pictorial works
|2 eczenas
|
| 700 |
1 |
|
|a Truhlářová, Karolína,
|d 1971-
|7 hka20211122281
|4 edt
|
| 700 |
1 |
|
|a Wells, Magdalena,
|d 1972-
|7 mzk2005286859
|4 edt
|
| 910 |
2 |
|
|a BOA001
|b 4-1481.000
|
| 920 |
|
|
|a 001018777
|z HKA001
|
| 990 |
|
|
|a BK
|
| 995 |
|
|
|a 01
|
| 996 |
6 |
|
|b 2610891302
|c 4-1481.000
|l MZK
|r Sklad / do 1 hodiny
|n 0
|p p.v.
|w 001874929
|u 000010
|a 1
|e BOA001
|j MZK50
|s P
|